Danubius fluvius Europæ maximus a fontibus ad Ostia cum omnibus Fluminibus, ab utroque latere in illum defluentibus /
| Main Author: | Blaeu, Willem Janszoon, 1571-1638 |
|---|---|
| Corporate Author: | Hermann Haack Geographisch-Kartographische Anstalt Gotha |
| Other Authors: | Horn, Werner, 1903-1978 |
| Language: | Russian German French Latin English |
| Published: |
Gotha ; Leipzig : Hermann Haack, 1980 |
| Edition: | 2. Aufl. |
| Online Access: |
Digitalizovaný dokument
|
| Physical Description: |
1 mapa : faksimile, barev. ; 40 x 95 cm, na listu 49 x 104 cm + doprovodný text ([4] s., 23 cm) |
| Language note: |
Text reprodukované mapy latinsky, doprovodný text německy, anglicky, francouzsky a rusky |
| LEADER | 01799nem a2200385 a 4500 | ||
|---|---|---|---|
| 001 | 001300218 | ||
| 003 | CZ BrMZK | ||
| 005 | 20210806131635.0 | ||
| 007 | aj|cafzn | ||
| 008 | 111208s1980 gw i a 0| lat d | ||
| 034 | 1 | |a a |b 2100000 |d E0081522 |e E0310647 |f N0510612 |g N0430107 | |
| 040 | |a BOA001 |b cze | ||
| 041 | 0 | |a lat |a ger |a eng |a fre |a rus | |
| 043 | |a eo----- |2 czenas | ||
| 072 | 7 | |a 913(4) |x Geografie Evropy, reálie, cestování |2 Konspekt |9 7 | |
| 072 | 7 | |a 912 |x Mapy. Atlasy. Glóby |2 Konspekt |9 7 | |
| 080 | |a (4) |2 MRF | ||
| 080 | |a (084.3.)091.07 |2 MRF | ||
| 100 | 1 | |a Blaeu, Willem Janszoon, |d 1571-1638 |7 jn20000600889 |4 ctg | |
| 245 | 1 | 0 | |a Danubius fluvius Europæ maximus |h [kartografický dokument] : |b a fontibus ad Ostia cum omnibus Fluminibus, ab utroque latere in illum defluentibus / |c [Willem Janszoon Blaeu] ; Erläuterungstext W. Horn |
| 246 | 3 | |a Danvbivs fluvius Europæ maximus | |
| 250 | |a 2. Aufl. | ||
| 255 | |a Měřítko [ca 1:2 100 000] |c (008°15´22" v.d.--031°06´47" v.d./051°06´12" s.š.--043°01´07" s.š.) | ||
| 260 | |a Gotha ; |a Leipzig : |b Hermann Haack, |c 1980 | ||
| 300 | |a 1 mapa : |b faksimile, barev. ; |c 40 x 95 cm, na listu 49 x 104 cm + |e doprovodný text ([4] s., 23 cm) | ||
| 500 | |a Impresum na rubu mapy | ||
| 546 | |a Text reprodukované mapy latinsky, doprovodný text německy, anglicky, francouzsky a rusky | ||
| 651 | 7 | |a Dunaj (řeka) |7 ge129100 |2 czenas | |
| 655 | 7 | |a mapová faksimilia |7 fd132799 |2 czenas | |
| 700 | 1 | |a Horn, Werner, |d 1903-1978 |7 mzk2013743800 |4 aut | |
| 710 | 2 | |a Hermann Haack Geographisch-Kartographische Anstalt Gotha |7 ko2004233403 |4 prt |4 pbl | |
| 856 | 4 | 1 | |u http://www.digitalniknihovna.cz/mzk/uuid/uuid:bc6db270-aa48-4ba5-85cf-6a3ef5a4b055 |y Digitalizovaný dokument |
| 910 | |a BOA001 |b Mpa-0853.053 | ||
| 990 | |a MP | ||
| 991 | |b 201306 | ||
English
Čeština 